| 000 | 00615nam a2200169Ia 4500 | ||
|---|---|---|---|
| 008 | 090711s9999 xx 000 0 und d | ||
| 082 | _b2045 | ||
| 100 | _aभट विठ्ठलराय | ||
| 245 | _aसरस्वतीSो दशपुत्र | ||
| 260 |
_bदास्ताने रामचंद्र आणि कंपनी _c2001 |
||
| 300 | _a102 | ||
| 600 | _aभट विठ्ठलराय | ||
| 630 | _aसरस्वतीSो दशपुत्र | ||
| 700 | _aभट विठ्ठलराय | ||
| 730 | _aसरस्वतीSो दशपुत्र | ||
| 942 | _cBOOK | ||
| 999 |
_c339092 _d339089 |
||